[Event "ch-PER"]
[Site "Lima PER"]
[Date "2002.10.08"]
[Round "11"]
[White "Vera,K"]
[Black "Nina,M"]
[Result "0-1"]
[WhiteElo "2233"]
[BlackElo "2238"]
[EventDate "2002.10.01"]

1. e4 c5 2. Nf3 Nc6 3. d4 cxd4 4. c3 d3 5. Bxd3 d6 6. O-O g6 7. c4 Bg7 8.
Nc3 Nf6 9. h3 O-O 10. Qe2 Nh5 11. Be3 e5 12. Rad1 Be6 13. Bb1 Qb8 14. b3 h6
15. Nd5 Kh7 16. Qd2 g5 17. c5 dxc5 18. Bxc5 Rg8 19. Ne3 Nf4 20. Nf5 Bf8 21.
Bxf8 Qxf8 22. Qd6 Ne2+ 23. Kh2 Nc3 24. Qxf8 Rgxf8 25. Rc1 Nxb1 26. Rxb1
Bxf5 27. exf5 Kg7 28. Rfe1 Kf6 29. g4 Rad8 30. Rbd1 Rfe8 31. Nd2 e4 32. Nc4
Nd4 33. Kg2 h5 34. Ne3 b5 35. Rc1 hxg4 36. hxg4 Ke5 37. Rc5+ Kf6 38. Rc7 a6
39. Rec1 Re7 40. Rxe7 Kxe7 41. Rc7+ Kf6 42. Ra7 Rd6 43. Kg3 Ne2+ 44. Kg2
Nc1 0-1

[Event "ch-PER"]
[Site "Lima PER"]
[Date "2002.10.08"]
[Round "11"]
[White "Cotrina Moscoso,W"]
[Black "Cruz,F"]
[Result "0-1"]
[WhiteElo "2225"]
[BlackElo "2363"]
[EventDate "2002.10.01"]

1. d4 Nf6 2. c4 e6 3. Nf3 c5 4. d5 exd5 5. cxd5 d6 6. Nc3 g6 7. e4 Bg7 8.
Be2 O-O 9. O-O Re8 10. Nd2 Na6 11. f4 Nc7 12. Bf3 Rb8 13. a4 a6 14. Nc4 b5
15. axb5 axb5 16. Na5 Bd7 17. e5 dxe5 18. d6 e4 19. dxc7 Qxc7 20. Be2 b4
21. Nb1 Ra8 22. Nb3 c4 23. Rxa8 Rxa8 24. N3d2 Bb5 25. Kh1 Qc6 26. Re1 Rc8
27. Nf1 Ba4 28. Qd4 Bc2 29. Nbd2 Bd3 30. Bxd3 exd3 31. Nf3 Ng4 32. Ne5 Qc7
33. h3 Nxe5 34. fxe5 Rd8 35. Qe4 c3 36. bxc3 bxc3 37. Bg5 d2 38. Rd1 Qxe5
39. Qxe5 Bxe5 40. Nxd2 f6 0-1

[Event "ch-PER"]
[Site "Lima PER"]
[Date "2002.10.08"]
[Round "11"]
[White "Pacheco,M"]
[Black "Oblitas,C"]
[Result "1/2-1/2"]
[WhiteElo "2284"]
[BlackElo "2408"]
[EventDate "2002.10.01"]

1. d4 d5 2. c4 Bf5 3. Nc3 e6 4. Nf3 c6 5. e3 Nd7 6. Bd3 Bg6 7. O-O Ngf6 8.
b3 Bb4 9. Bb2 O-O 10. a3 Ba5 11. Bxg6 hxg6 12. Qd3 Qe7 13. Rad1 Rad8 14. b4
Bc7 15. cxd5 exd5 16. b5 Nb6 17. bxc6 bxc6 18. Nd2 Rfe8 19. Ne2 Ng4 20. Ng3
Bxg3 21. hxg3 Qg5 22. Rfe1 Qh5 23. Nf1 Nc4 24. Bc1 f5 25. Re2 Re6 26. f3
Nf6 27. Rc2 Rde8 28. Bd2 Rb8 29. Bb4 a5 30. Rxc4 dxc4 31. Qxc4 Rbe8 32.
Bxa5 f4 33. Bc7 fxe3 34. Nxe3 Nd5 35. Nxd5 Qxd5 36. Qxd5 cxd5 37. Be5 Ra6
38. Rc1 Rea8 39. Rc5 Ra5 40. Rc7 R5a7 41. Rxa7 Rxa7 42. Bd6 Kf7 43. Kf2 Ke6
44. Bb4 Rc7 45. Bc5 Rc8 46. Ke3 Rh8 47. g4 Rh1 48. Kf4 Rg1 49. g3 Rf1 50.
g5 Rb1 51. g4 Re1 52. Bf8 Kf7 53. Bc5 Re2 54. Kg3 Re8 55. Kf4 Ke6 56. Kg3
Kd7 57. a4 Ra8 58. a5 Rxa5 59. Bf8 Ra2 60. Bxg7 Re2 61. Bf8 Kc6 62. Bc5 Re1
63. Kf2 Rc1 64. f4 Rc2+ 65. Kf3 Rc3+ 66. Kf2 1/2-1/2

[Event "ch-PER"]
[Site "Lima PER"]
[Date "2002.10.09"]
[Round "12"]
[White "Belli,M"]
[Black "Oblitas,C"]
[Result "1-0"]
[WhiteElo "2401"]
[BlackElo "2408"]
[EventDate "2002.10.01"]

1. d4 Nf6 2. Nf3 g6 3. c4 Bg7 4. Nc3 O-O 5. Bf4 d6 6. h3 Na6 7. e4 c5 8. d5
Nd7 9. Qd2 Nc7 10. Be2 Ne5 11. Nxe5 dxe5 12. Be3 b6 13. a3 a5 14. b3 Qd6
15. f3 Bd7 16. O-O Rfb8 17. Rab1 Bf8 18. Rfc1 e6 19. Rb2 exd5 20. cxd5 Be8
21. a4 Bd7 22. Nb1 Ne8 23. Na3 Qe7 24. Nc4 Nd6 25. Bd3 Nxc4 26. Bxc4 Qd6
27. Rf1 Bg7 28. g4 f5 29. Qd3 Rf8 30. Rg2 Rf7 31. Qd2 f4 32. Bf2 Kh8 33.
Rc1 Bf6 34. Kf1 h5 35. Ke2 hxg4 36. hxg4 Rh7 37. Rcg1 Kg7 38. Qd3 Rah8 39.
Bb5 Bc8 40. Ba6 Bd7 41. Bb5 Bc8 42. Ba6 Bh4 43. Bxc8 Rxc8 44. Qa6 Rc7 45.
Rc1 Bxf2 46. Rxf2 Kf6 47. Kd3 Rh8 48. Kc4 Rch7 49. g5+ Kxg5 50. Rg1+ Kf6
51. Rfg2 Rg7 52. Qb5 g5 53. Qc6 Qxc6 54. dxc6 Ke6 55. Kb5 Kd6 56. Rxg5 Rxg5
57. Rxg5 1-0

[Event "ch-PER"]
[Site "Lima PER"]
[Date "2002.10.09"]
[Round "12"]
[White "Cruz,F"]
[Black "Pacheco,M"]
[Result "1/2-1/2"]
[WhiteElo "2363"]
[BlackElo "2284"]
[EventDate "2002.10.01"]

1. d4 Nf6 2. c4 e6 3. Nf3 b6 4. g3 Bb7 5. Bg2 Be7 6. O-O O-O 7. Nc3 Ne4 8.
Qc2 Nxc3 9. Qxc3 c5 10. Be3 d6 11. Rfd1 Qc7 12. Rac1 Nc6 13. b3 Rad8 14.
Qb2 Bf6 1/2-1/2

[Event "ch-PER"]
[Site "Lima PER"]
[Date "2002.10.09"]
[Round "12"]
[White "Nina,M"]
[Black "Cotrina Moscoso,W"]
[Result "1-0"]
[WhiteElo "2238"]
[BlackElo "2225"]
[EventDate "2002.10.01"]

1. d4 d5 2. c4 e6 3. Nc3 Nf6 4. Bg5 Nbd7 5. cxd5 exd5 6. e3 Be7 7. Bd3 c6
8. Nge2 O-O 9. Qc2 Re8 10. O-O Nf8 11. Rab1 Bd7 12. b4 b5 13. a4 a6 14.
Rfd1 Be6 15. a5 Rc8 16. f3 Ng6 17. Ng3 Rc7 18. Bf5 Qc8 19. Nce2 Nh5 20.
Bxe7 Nxg3 21. Nxg3 Rcxe7 22. Rb3 Bxf5 23. Nxf5 Re6 24. Kf2 Nf8 25. Rc1 g6
26. Ng3 Rf6 27. Rc3 Ree6 28. Ne2 Nd7 29. Nf4 Rd6 30. h4 h6 31. g4 g5 32.
hxg5 hxg5 33. Nh5 Rg6 34. Ng3 Qb8 35. Qf5 Rde6 36. Rh1 1-0

[Event "ch-PER"]
[Site "Lima PER"]
[Date "2002.10.09"]
[Round "12"]
[White "Esplana,C"]
[Black "Vera,K"]
[Result "1-0"]
[WhiteElo "2335"]
[BlackElo "2233"]
[EventDate "2002.10.01"]

1. e4 e5 2. Nf3 Nf6 3. Nc3 Nc6 4. g3 Bb4 5. Bg2 O-O 6. O-O d6 7. d3 h6 8.
a3 Ba5 9. b4 Bb6 10. Na4 Bg4 11. h3 Be6 12. Bb2 Qd7 13. Nxb6 axb6 14. Kh2
Rfe8 15. d4 exd4 16. Nxd4 Nxd4 17. Qxd4 Qe7 18. f4 Rad8 19. Rae1 b5 20. g4
Qf8 21. Bf3 Bc4 22. Rg1 d5 23. e5 Ne4 24. f5 b6 25. Qe3 f6 26. Bxe4 dxe4
27. exf6 gxf6 28. g5 hxg5 29. Rxg5+ Kf7 30. Rg6 Rd6 31. Bc3 Bd5 32. Rd1 Ke7
33. Rxd5 Rxd5 34. Rxf6 Qxf6 35. Bxf6+ Kxf6 36. Qh6+ Ke5 37. Qg7+ Kf4 38. f6
Rd2+ 39. Kg1 Red8 40. Qg4+ Ke5 41. f7 e3 42. Qg7+ 1-0

[Event "ch-PER"]
[Site "Lima PER"]
[Date "2002.10.09"]
[Round "12"]
[White "Garcia,Ja"]
[Black "Gutierrez,Re"]
[Result "0-1"]
[WhiteElo "2297"]
[BlackElo "2233"]
[EventDate "2002.10.01"]

1. d4 Nf6 2. c4 g6 3. Nc3 Bg7 4. Nf3 O-O 5. Bf4 d6 6. e3 Nfd7 7. h4 h6 8.
Be2 f5 9. c5 e5 10. Qb3+ Kh8 11. Bg5 Nf6 12. dxe5 dxe5 13. Nxe5 Qe8 14. Bf4
Na6 15. c6 bxc6 16. Qa3 Nb8 17. Qe7 Nd5 18. Nxd5 cxd5 19. Qxc7 Nd7 20. Nf3
Rb8 21. Rb1 d4 22. Nxd4 Bxd4 23. exd4 Qe4 24. O-O Qxe2 25. Bxh6 Re8 26. Be3
Rxb2 27. Rbe1 Qc2 28. Qf4 Nf8 29. Rc1 Qe4 30. Qh6+ Kg8 31. Rc7 Bd7 32. Rxa7
Re7 33. Qg5 Rg7 34. Qg3 Rf7 35. Bf4 Qxd4 36. Ra8 Qd5 37. Rd8 Rxa2 38. Bd6
Ra8 39. Rxa8 Qxa8 40. Rb1 Qe4 41. Rb8 Qg4 42. Qb3 Kg7 43. Qc3+ Kg8 44. Qb3
Kg7 45. Qc3+ Kh7 46. Rxf8 Qd1+ 47. Kh2 Qxd6+ 0-1

[Event "ch-PER"]
[Site "Lima PER"]
[Date "2002.10.09"]
[Round "12"]
[White "Robbiano Taboada,C"]
[Black "Castaneda,G"]
[Result "0-1"]
[WhiteElo "2252"]
[BlackElo "2425"]
[EventDate "2002.10.01"]

1. e4 e6 2. d4 d5 3. e5 c5 4. c3 Nc6 5. Nf3 Bd7 6. a3 Nge7 7. b4 cxd4 8.
cxd4 Nf5 9. Nc3 Rc8 10. Bb2 Nh4 11. Na2 b5 12. Rc1 a6 13. g3 Nxf3+ 14. Qxf3
Qb6 15. Qd3 Be7 16. Be2 O-O 17. O-O Rc7 18. Kg2 Rfc8 19. h4 Qa7 20. Qd2 Be8
21. Rfd1 Qb6 22. Bc3 Qb7 23. f4 Nb8 24. Bb2 Nd7 25. Rxc7 Rxc7 26. Rc1 Nb6
27. Rxc7 Qxc7 28. Qc3 Nc4 29. Nc1 f6 30. Nb3 Bg6 31. Nc5 fxe5 32. fxe5 Bxc5
33. dxc5 Be4+ 34. Kg1 Qf7 35. Bxc4 dxc4 36. Qe3 Bd5 37. Bc1 Qf5 38. Bd2 Qh3
39. Kf2 Qg2+ 40. Ke1 Qh1+ 41. Kf2 Be4 42. Qe2 h6 43. Ke3 Bd5 44. Kf4 Qh3
45. Bc3 Bc6 46. Bb2 Qh1 47. Ke3 Qg1+ 48. Kf4 Bd5 49. g4 Qh1 50. h5 Qg1 51.
Bc3 Qc1+ 52. Qd2 Qf1+ 53. Kg3 Qg1+ 54. Kf4 Qh1 55. Kg3 Qf3+ 56. Kh4 Be4 57.
Bb2 Bd3 58. Bc1 Be2 59. Qf4 Qh1+ 60. Kg3 Qg1+ 61. Kh3 Bf1+ 62. Kh4 Qh1+ 0-1

[Event "ch-PER"]
[Site "Lima PER"]
[Date "2002.10.10"]
[Round "13"]
[White "Castaneda,G"]
[Black "Belli,M"]
[Result "1/2-1/2"]
[WhiteElo "2425"]
[BlackElo "2401"]
[EventDate "2002.10.01"]

1. e4 e5 2. Nf3 Nf6 3. Nc3 Bb4 4. Nxe5 O-O 5. Nf3 Re8 6. Be2 Bxc3 7. dxc3
Nxe4 8. O-O Nc6 9. Re1 d6 10. Be3 a6 11. Nd4 Ne5 12. f3 Nf6 13. Qd2 Bd7 14.
Rad1 Ng6 15. Bf1 h6 16. c4 Nh7 17. Ne2 Bc6 18. Nc3 Qf6 19. Qd4 Ne5 20. f4
Ng4 21. Qxf6 Nhxf6 22. Bd4 Rxe1 23. Rxe1 Re8 24. Rxe8+ Nxe8 25. b4 Ngf6 26.
a4 b6 27. c5 bxc5 28. bxc5 a5 29. Bb5 Bxb5 30. Nxb5 dxc5 31. Bc3 Nd5 32.
Bxa5 Kf8 33. Bd2 Ke7 34. Kf2 f5 35. Kf3 Kd7 36. g4 Nb6 37. Nc3 Nc4 38. Bc1
Ke6 39. gxf5+ Kxf5 40. Nd5 Ke6 41. Ne3 Ned6 42. f5+ Ke5 43. Nxc4+ Nxc4 44.
Bf4+ Kxf5 45. Bxc7 Ke6 46. Ke4 g5 47. a5 Kd7 48. Be5 Nxa5 49. Bg7 h5 50.
Kd5 Nb7 51. Be5 g4 52. Bg3 c4 53. Kxc4 Ke6 54. Kd4 Nd6 55. Ke3 h4 56. Bxh4
Nf5+ 57. Kf4 Nxh4 58. Kxg4 Ng2 1/2-1/2

[Event "ch-PER"]
[Site "Lima PER"]
[Date "2002.10.10"]
[Round "13"]
[White "Gutierrez,Re"]
[Black "Robbiano Taboada,C"]
[Result "0-1"]
[WhiteElo "2233"]
[BlackElo "2252"]
[EventDate "2002.10.01"]

1. e4 c5 2. Nf3 g6 3. d4 cxd4 4. Nxd4 Bg7 5. Nc3 Nc6 6. Nb3 d6 7. g3 Nf6 8.
Bg2 O-O 9. O-O Be6 10. f4 Rc8 11. f5 Bc4 12. Rf2 Qb6 13. g4 Rfd8 14. g5 Nd7
15. Nd5 Bxd5 16. exd5 Nce5 17. Qe2 Nc4 18. Bh3 Be5 19. c3 Rc7 20. fxg6 hxg6
21. Kh1 Qb5 22. Bg2 Rf8 23. Be3 Ndb6 24. Bxb6 Qxb6 25. Rf3 a5 26. Rb1 a4
27. Nc1 Bg7 28. Rh3 Ne5 29. Nd3 a3 30. Nxe5 Bxe5 31. Qc2 axb2 32. Rxb2 Qa5
33. Qf2 Rxc3 34. Rxc3 Qxc3 35. Rb1 Kg7 36. Rf1 f5 37. h3 Rh8 38. Rb1 Bd4
39. Qf1 Qg3 40. Rb3 Qxg5 41. Rxb7 Rc8 42. Rb1 Rc2 43. Re1 Rf2 44. Qg1 Bc5
45. Qh2 f4 46. h4 Qf6 47. Qh3 f3 48. Bf1 Bd4 49. Re6 Rxf1+ 50. Kh2 Qf4+ 51.
Qg3 Rh1+ 0-1

[Event "ch-PER"]
[Site "Lima PER"]
[Date "2002.10.10"]
[Round "13"]
[White "Cotrina Moscoso,W"]
[Black "Esplana,C"]
[Result "0-1"]
[WhiteElo "2225"]
[BlackElo "2335"]
[EventDate "2002.10.01"]

1. d4 Nf6 2. c4 e6 3. Nf3 b6 4. g3 Ba6 5. b3 Bb4+ 6. Bd2 Be7 7. Bc3 c6 8.
Nbd2 d5 9. Bg2 O-O 10. O-O Nbd7 11. Rc1 Rc8 12. Rc2 c5 13. Qa1 b5 14. dxc5
Nxc5 15. b4 Na4 16. c5 Nxc3 17. Qxc3 Bb7 18. Nd4 a6 19. N4b3 Ne8 20. e3 Nc7
21. Na5 Ba8 22. Ndb3 Bf6 23. Qd2 Qe7 24. Rfc1 h5 25. a3 h4 26. c6 g6 27.
Bf1 e5 28. Nc5 Bg7 29. Bg2 e4 30. Bh3 f5 31. Nxa6 Nxa6 32. Qxd5+ Rf7 33.
Qxb5 Nc7 34. Qc4 Rb8 35. Bf1 hxg3 36. hxg3 Be5 37. Qb3 Kh8 38. b5 Rh7 39.
b6 Ne6 40. c7 Rc8 41. Nc6 Ng5 42. Ba6 Bxc6 43. Rxc6 Nf3+ 44. Kg2 Rh2+ 45.
Kf1 Nd2+ 46. Ke1 Nxb3 47. Bxc8 Rh1+ 48. Ke2 Nxc1+ 0-1

[Event "ch-PER"]
[Site "Lima PER"]
[Date "2002.10.10"]
[Round "13"]
[White "Pacheco,M"]
[Black "Nina,M"]
[Result "1-0"]
[WhiteElo "2284"]
[BlackElo "2238"]
[EventDate "2002.10.01"]

1. d4 d5 2. Nf3 Nf6 3. c4 e6 4. Nc3 Be7 5. Bg5 O-O 6. e3 c6 7. Qc2 Nbd7 8.
Rd1 a6 9. a3 Re8 10. Bd3 h6 11. Bh4 dxc4 12. Bxc4 b5 13. Ba2 Qb6 14. Bb1
Nf8 15. Bxf6 Bxf6 16. Ne4 Be7 17. O-O b4 18. axb4 Bxb4 19. Ne5 Bb7 20. Nc5
Re7 21. Nxb7 Rxb7 22. Qxc6 Qxc6 23. Nxc6 Bd6 24. Be4 Re8 25. Ra1 Rxb2 26.
Rxa6 Nd7 27. Na5 Be7 28. Bc6 Nb8 29. Ra8 Rf8 30. Bf3 Bf6 31. Nc4 Rb4 32.
Nd6 Nd7 33. Ra7 Nb6 34. Rb7 Bd8 35. g3 Ra4 36. Rc1 Ra5 37. Rc5 Na4 38. Rc8
Ra6 39. Nxf7 Rxf7 40. Rxd8+ Rf8 41. Be2 Rxd8 42. Bxa6 Rd6 43. Bc4 Kf8 44.
Be2 Nb6 45. Kg2 Nd5 46. Bf3 Ne7 47. Be4 Kf7 48. h4 h5 49. Kf3 Kf6 50. Kf4
Ra6 51. f3 Ra5 52. g4 hxg4 53. fxg4 Ra1 54. g5+ Kf7 55. h5 Rc1 56. Ke5 1-0

[Event "ch-PER"]
[Site "Lima PER"]
[Date "2002.10.10"]
[Round "13"]
[White "Oblitas,C"]
[Black "Cruz,F"]
[Result "0-1"]
[WhiteElo "2408"]
[BlackElo "2363"]
[EventDate "2002.10.01"]

1. e4 c5 2. Nf3 d6 3. c3 Nf6 4. Be2 Nbd7 5. Qc2 Qc7 6. O-O g6 7. c4 Bg7 8.
Nc3 O-O 9. d4 cxd4 10. Nxd4 Ne5 11. Ndb5 Qd8 12. Nd5 Nc6 13. Rd1 a6 14.
Nbc7 Rb8 15. Nxf6+ Bxf6 16. Nd5 Bd4 17. Bg5 f6 18. Bh6 Rf7 19. a3 e5 20.
Be3 Be6 21. Rac1 f5 22. b4 f4 23. Bxd4 Nxd4 24. Rxd4 exd4 25. Qd3 Bxd5 26.
exd5 Qg5 27. Bf3 Re8 28. Qxd4 Rfe7 29. Qd2 b6 30. h3 h5 31. c5 bxc5 32.
bxc5 dxc5 33. d6 Re5 34. d7 Rd8 35. Qd6 Kg7 36. Rd1 Qe7 37. Qc7 c4 38. Rd4
Rc5 39. Qxf4 c3 40. Rc4 Rxc4 41. Qxc4 Qe1+ 42. Kh2 Qe5+ 0-1